Evaluation in media discourse : analysis of a newspaper corpus

Αποθηκεύτηκε σε:
Λεπτομέρειες βιβλιογραφικής εγγραφής
Κύριος συγγραφέας: Bednarek, Monika
Μορφή: Βιβλίο
Γλώσσα:English
Δημοσίευση: [London];[New York] : Continuum, [2006]
Σειρά:Corpus and discourse. Research in corpus and discourse
Θέματα:
Ετικέτες: Προσθήκη ετικέτας
Δεν υπάρχουν, Καταχωρήστε ετικέτα πρώτοι!

MARC

LEADER 00000nam a2200000 i 4500
001 1/65503
008 071201s2006 eng d
020 |a 0-8264-9126-X (hbk.) 
035 |l 10092725 
040 |a GR-MY-UA  |b gre  |e aacr 
041 0 |a eng 
082 0 |a 072.42  |2 (22) 
100 1 |a Bednarek, Monika. 
245 1 0 |a Evaluation in media discourse :  |b analysis of a newspaper corpus /  |c Monika Bednarek 
260 |a [London];[New York] :   |b Continuum,   |c [2006] 
300 |a xvi, 253 σ.;  |c 24 εκ. 
490 1 |a Corpus and Discourse. Research in corpus and discourse 
504 |a Βιβλιογραφία: σ. [235]-250. Ευρετήριο 
650 0 0 |a Journalism  |x Objectivity  |z Great Britain. 
650 0 0 |a Journalism  |z Great Britain  |x Language. 
650 0 0 |a Discourse analysis. 
650 0 0 |a English language  |z Great Britain  |x Style. 
650 0 0 |a British newspapers  |x Language. 
830 0 |a Corpus and discourse. Research in corpus and discourse 
852 |a INST  |b RHODES  |e 20071201  |h 072.42 BED  |p 005400025160  |q 005400025160  |t BK  |y 0 
901 |a BIBL4-2007-3 
909 |a Ρ  |b 140482 
922 |a 4ΕΛΗ  |b 200711  |c ΕΠΕΑΕΚ2/ΤΜΣ  |d ΕΛΕΥΘΕΡΟΥΔΑΚΗΣ 
970 |a ΧΑΡΙΟΠΟΛΙΤΟΥ  |b ΚΩΝΣΤΑΝΤΙΝΑ  |z 2007/12/01